Kliyūbātrah : sīratuhā wa-ḥukm al-tārīkh ʻalayhā

محفوظ في:

المؤلف الرئيسي: taʼlīf Zakī ʻAlī., Zakī ʻAlī.

التنسيق: كتاب

اللغة: Undetermined

منشور في: Cairo : almuasasat almisriat aleama , 196-.

الموضوعات:

الوسوم: إضافة وسم

لا توجد وسوم, كن أول من يضع وسما على هذه التسجيلة!

رقم الطلب: DT92.7 .A5

LEADER 00545nam a2200169Ia 4500
008 240329s9999||||xx |||||||||||||| ||und||
050 4 |a DT92.7 .A5 
100 1 |a taʼlīf Zakī ʻAlī., Zakī ʻAlī. 
245 1 0 |a Kliyūbātrah : sīratuhā wa-ḥukm al-tārīkh ʻalayhā  |c taʼlīf Zakī ʻAlī., Zakī ʻAlī 
264 1 |a Cairo :  |b almuasasat almisriat aleama ,  |c 196-. 
300 |a 165  |c 24 CM 
650 |a  332-30 B.C 
650 |a Biographies 
650 |a Cleopatra, Queen of Egypt, -30 B.C 
650 |a Egypt  
942 |2 lcc  |c BK 
999 |c 57625  |d 57625